000 02562nam a22003257a 4500
005 20110729151956.0
010 _aB-441422-430
020 _a812910489X
_c395.00
035 _aB-441422-430
037 _bAllied Pub/Ven
082 0 0 _a954.0072
_221
100 1 _aShourie, Arun.
_931212
245 1 0 _aEminent historians :
_btheir technology, their life, their fraud /
_cArun Shourie.
260 _a[New Delhi] :
_bRupa & Co.
_c2007.
270 _a7/16, Ansari Road, Daryaganj
_bNew Delhi
_e110002
300 _axii, 271 p. ;
_c22 cm. (Pbk)
500 _aIncludes bibliographical references and index.
942 _2ddc
_cEN
_h954.0072
_mSHO
999 _c54565
_d54565